| 000 | 01442nam a22003614a 4500 | ||
|---|---|---|---|
| 001 | ebr10245652 | ||
| 003 | CaPaEBR | ||
| 006 | m u | ||
| 007 | cr cn||||||||| | ||
| 008 | 060222s2006 txua sb 001 0beng | ||
| 010 | _z 2006006554 | ||
| 020 | _z9780292713031 ((cl.) : alk. paper) | ||
| 020 | _z0292713037 | ||
| 040 |
_aCaPaEBR _cCaPaEBR |
||
| 035 | _a(OCoLC)608753433 | ||
| 043 |
_ae------ _aaw----- _aff----- _ae-fr--- |
||
| 050 | 1 | 4 |
_aDG264.C333 _bR54 2006eb |
| 082 | 0 | 4 |
_a936.4/02 _222 |
| 100 | 1 | _aRiggsby, Andrew M. | |
| 245 | 1 | 0 |
_aCaesar in Gaul and Rome _h[electronic resource] : _bwar in words / _cby Andrew M. Riggsby. |
| 250 | _a1st ed. | ||
| 260 |
_aAustin : _bUniversity of Texas Press, _cc2006. |
||
| 300 |
_a271 p. : _bill. |
||
| 504 | _aIncludes bibliographical references (p. [253]-267) and index. | ||
| 533 |
_aElectronic reproduction. _bPalo Alto, Calif. : _cebrary, _d2013. _nAvailable via World Wide Web. _nAccess may be limited to ebrary affiliated libraries. |
||
| 600 | 1 | 0 |
_aCaesar, Julius _xMilitary leadership. |
| 600 | 1 | 0 |
_aCaesar, Julius _xPolitical activity. |
| 651 | 0 |
_aGaul _xHistory _yGallic Wars, 58-51 B.C. _xPolitical aspects. |
|
| 651 | 0 |
_aRome _xHistory, Military _y265-30 B.C. |
|
| 655 | 7 |
_aElectronic books. _2local |
|
| 710 | 2 | _aebrary, Inc. | |
| 856 | 4 | 0 |
_uhttp://site.ebrary.com/lib/rucke/Doc?id=10245652 _zAn electronic book accessible through the World Wide Web; click to view |
| 999 |
_c149702 _d149702 |
||